000 00379nam a2200133Ia 4500
008 231228s2011 xx 000 0 und d
041 _aeng
082 _a657
_bBRE
100 _aBREITNER (Leslie K.)/ ANTHONY (Robert N.)
245 _aCore Concepts fo Accounting
250 _a10th
260 _aNew Delhi
_bPearson Education Delhi, Harlow, Singapore
_c2011
300 _av, 192
999 _c1063845
_d1063845